Les joueurs U21 les plus décisifs cette saison 2024/25. - Statistiques

Statistiques générales
  • Ce quiz a été pris 41 fois
  • Le résultat moyen est 7 sur 10
Statistiques - réponses
G+A Joueurs
U21
Equipes
en 24/25
Age % Correct
26 Lamine Yamal BarçaEspagne 17
100%
32 Florian Wirtz LeverkusenAllemagne 21
95%
26 Jamal Musiala BayernAllemagne 21
95%
24 Jude Bellingham RealAngleterre 21
89%
18 Rayan Cherki Lyon 21
89%
16 Alejandro Garnacho Man UnitedArgentine 20
84%
15 Eliesse Ben Seghir MonacoMaroc 20
79%
24 Benjamin Sesko LeipzigSlovénie 21
68%
15 Antonio Nusa LeipzigNorvège 19
32%
15 Santiago Castro Bologne 20
8%
Aucun quiz correspondant
Distribution des résultats
% des personnes avec chaque résultat
Percentile par nombre de réponses
Votre historique - résultats
Vous n’avez pas pris ce quiz